Híd és hajó
Elmentve itt :
| Szerző: | |
|---|---|
| További közreműködők: | |
| Adatforrás: | Philobibl |
| Forrásdokumentuma: | Híd 71.2007:2. p. 30-35. |
| Dokumentumtípus: | Cikk |
| Nyelv: | magyar |
| Kulcsszavak: | lét környezet építés |
| Megjelent: |
2007
|
| LEADER | 00401nab a2200157 c 4500 | ||
|---|---|---|---|
| 001 | bibPHI0032304 | ||
| 005 | 20200924123022.8 | ||
| 008 | 080624s2007 yu hun | ||
| 100 | 1 | |a Simmel, Georg | |
| 245 | 1 | 0 | |a Híd és hajó |c Georg Simmel ; [ford. Ózer Katalin] |
| 260 | |a 2007 | ||
| 695 | |a lét | ||
| 695 | |a környezet | ||
| 695 | |a építés | ||
| 700 | 1 | |a Ózer Katalin | |
| 773 | 0 | |t Híd |g 71.2007:2. p. 30-35. | |